Les meilleurs buteurs du Standard par saison. - Statistiques

Statistiques générales
  • Ce quiz a été pris 18 fois
  • Le résultat moyen est 15 sur 28
Statistiques - réponses
Année Nombre de buts Joueur % Correct
2013/14 23 Batshuayi
92%
2008/09 21 Mbokani
92%
2007/08 19 Mbokani
92%
2016/17 17 Orlando Sá
92%
2018/19 16 Emond
85%
2017/18 15 Emond
85%
2016/17 17 Belfodil
77%
2012/13 16 Ezekiel
77%
2023/24 12 Kanga
77%
2024/25 10 Zeqiri
77%
2020/21 15 Amallah
69%
2011/12 18 Tchité
69%
2010/11 17 Tchité
69%
2005/06 19 Tchité
69%
2009/10 13 Jovanovic
62%
2006/07 24 Jovanovic
62%
2015/16 13 Santini
62%
2014/15 14 Mujangi Bia
54%
2019/20 10 Lestienne
46%
2022/23 10 Zinckernagel
46%
2021/22 6 Dragus
38%
2003/04 21 Mpenza
31%
2001/02 16 Lukunku
8%
2000/01 14 Mornar
8%
2002/03 26 Årst
0%
2000/01 14 Årst
0%
2004/05 17 Bangoura
0%
1999/00 11 Thijs
0%
Aucun quiz correspondant
Distribution des résultats
% des personnes avec chaque résultat
Percentile par nombre de réponses
Votre historique - résultats
Vous n’avez pas pris ce quiz